| 000 | 00408nam a2200145Ia 4500 | ||
|---|---|---|---|
| 008 | 231129s2011||||xx |||||||||||||| ||spa|| | ||
| 020 | _a978-958-710-688-6 | ||
| 040 | _bspa | ||
| 082 | _aCo861 L925r | ||
| 100 | _aLozano Orietta | ||
| 245 | 0 | _aResplandor del abismo | |
| 260 | _c2011 | ||
| 264 | _aBogotá Colombia: Universidad Externado de Colombia | ||
| 942 |
_2ddc _cBKS |
||
| 999 |
_c24025 _d24025 |
||